Southville International School and Colleges
Your cart is empty.
  • Cart
  • Lists
    Public lists Eva Luna New books Lux_list list_1
    Your lists Log in to create your own lists
  • Log in to your account
  • Your cookies
  • Search history
Southville International School and Colleges
  • Advanced search
  • Recent comments
  • Most popular
  • Libraries

Log in to your account

Log in with GOOGLE


If you do not have an external account, but do have a local account, you can still log in:

  1. Home
  2. MARC view: Musashi :
Normal view MARC view ISBD view

Musashi : (Record no. 11326)

[ view plain ]
MARC details
000 -LEADER
fixed length control field 00965cam a22003013a 4500
001 - CONTROL NUMBER
control field 16387889
003 - CONTROL NUMBER IDENTIFIER
control field LC
005 - DATE AND TIME OF LATEST TRANSACTION
control field 20160222143245.0
008 - FIXED-LENGTH DATA ELEMENTS--GENERAL INFORMATION
fixed length control field 971216s1981 nyu 000 1 eng
010 ## - LIBRARY OF CONGRESS CONTROL NUMBER
LC control number 97814617
020 ## - INTERNATIONAL STANDARD BOOK NUMBER
International Standard Book Number 0671644211
035 ## - SYSTEM CONTROL NUMBER
System control number (DLC) 97814617
040 ## - CATALOGING SOURCE
Original cataloging agency DLC
Transcribing agency DLC
Modifying agency DLC
050 00 - LIBRARY OF CONGRESS CALL NUMBER
Classification number PL 842
Item number .Y65 1971
082 ## - DEWEY DECIMAL CLASSIFICATION NUMBER
Classification number FIC
Item number Y8m 1989
100 1# - MAIN ENTRY--PERSONAL NAME
Personal name Yoshikawa, Eiji.
9 (RLIN) 19810
245 10 - TITLE STATEMENT
Title Musashi :
Name of part/section of a work the bushido code /
Statement of responsibility, etc Eiji Yoshikawa ; translated from the Japanese by Charles S. Terry ; foreword by Edwin O. Reischauer.
260 ## - PUBLICATION, DISTRIBUTION, ETC. (IMPRINT)
Place of publication, distribution, etc New York :
Name of publisher, distributor, etc Pocket Books,
Date of publication, distribution, etc 1989.
300 ## - PHYSICAL DESCRIPTION
Extent 341 p. ;
Dimensions 18 cm.
440 ## - SERIES STATEMENT/ADDED ENTRY--TITLE
Title Book IV : the bushido code
650 ## - SUBJECT ADDED ENTRY--TOPICAL TERM
Topical term or geographic name as entry element Fiction
9 (RLIN) 746
700 1# - ADDED ENTRY--PERSONAL NAME
Personal name Terry, Charles S.
9 (RLIN) 19811
700 1# - ADDED ENTRY--PERSONAL NAME
Personal name Reischauer, Edwin O.
9 (RLIN) 19812
710 2# - ADDED ENTRY--CORPORATE NAME
Corporate name or jurisdiction name as entry element Copyright Paperback Collection (Library of Congress)
Institution to which field applies DLC
9 (RLIN) 705
906 ## - LOCAL DATA ELEMENT F, LDF (RLIN)
a 7
b cbc
c orignew
d 2
e ncip
f 19
g y-genrareb
942 ## - ADDED ENTRY ELEMENTS (KOHA)
Koha item type Books
Source of classification or shelving scheme Library of Congress Classification
Holdings
Withdrawn status Lost status Source of classification or shelving scheme Damaged status Home library Current library Shelving location Date acquired Total Checkouts Full call number Barcode Date last seen Copy number Price effective from Koha item type
    Library of Congress Classification   Luxembourg Library Luxembourg Library Fiction Section 09/14/2013   PL 842 .Y65 1971 2433 09/14/2013 1 09/14/2013 Books

Musashi :

APA

Yoshikawa E., Terry C. S., Reischauer E. O. & Copyright Paperback Collection (Library of Congress). (1989). Musashi. New York: Pocket Books.

Chicago

Yoshikawa Eiji, Terry Charles S, Reischauer Edwin O and Copyright Paperback Collection (Library of Congress). 1989. Musashi. New York: Pocket Books.

Harvard

Yoshikawa E., Terry C. S., Reischauer E. O. and Copyright Paperback Collection (Library of Congress). (1989). Musashi. New York: Pocket Books.

MLA

Yoshikawa Eiji, Terry Charles S, Reischauer Edwin O and Copyright Paperback Collection (Library of Congress). Musashi. New York: Pocket Books. 1989.

  • Place hold
  • Print
  • Cite
  • Add to your cart (remove)
  • Save record
    BIBTEX Dublin Core MARCXML MARC (non-Unicode/MARC-8) MARC (Unicode/UTF-8) MARC (Unicode/UTF-8, Standard) MODS (XML) RIS
  • More searches
    Search for this title in:
    Other Libraries (WorldCat) Other Databases (Google Scholar) Online Stores (Bookfinder.com) Open Library (openlibrary.org)

Exporting to Dublin Core...

SOUTHVILLE LIBRARY

Southville International School and Colleges Library

1281 Tropical Ave. Cor. Luxembourg St., BF Homes International, Las Pinas City

Tel. No. 8256374 / 252358 Loc. 117/146

Powered by Koha